| 000 | 00660nam a22001337a 4500 | ||
|---|---|---|---|
| 040 | _cRUA | ||
| 082 | _aAVM CHO 2013 B110 Or.1 | ||
| 100 | _aCHOUB, SITHA. | ||
| 245 | _aSurvey on foot and mouth disease of cattle in teukphos district kampong chhnang province, ការអង្កេតពីជំងឺអុតក្ដាមដែលជួបប្រទះលើសត្វគោនៅស្រុកទឹកផុស ខេត្តកំពង់ឆ្នាំង | ||
| 260 |
_aPhnom Penh _bRUA _c2013 |
||
| 300 |
_aviii; 33p. _bill. _c29cm. |
||
| 856 | _uhttps://drive.google.com/file/d/1VTVgjt93IsM1UpAEGRL2J4tr4-pona8c/view?usp=sharing | ||
| 942 | _cAVM | ||
| 999 |
_c2730 _d2730 |
||